00818nam a2200205 a 450000100100000000500170001000800410002702000180006804000250008610000260011124500520013726000490018930000210023849000270025950000590028683000340034595201050037995201110048499900170059500004258420201002040243.0140128s2013 pr 000 0 spa d a9789945581102 aDO-SdBNPbspacBNPHU1 aDávila, Tere96983510aLego y otros pájaros raros. /cTere Dávila. aSan Juan, Puerto Rico, :bIsla Negra,c2013. a153 p. ;c20 cm.1 aEl rostro la máscara aIncluye datos biografícos en la solapa de la portada 0aEl rostro la máscara969836 001050718MOaPDbPDcCTd2014-01-28iLF1l0o p42584-10r2020-06-25w2020-06-25y1ZNo se presta 001050718MOaPDbPDcCTd2014-01-28iLF1l0o p42584-20r2020-06-25te. 2w2020-06-25y1ZNo se presta c42073d42073